Jadi orang utan

Bibliographic Details
Main Author: Fauziah A.R
Format: Book
Published: Selangor : Penerbitan PCT , 2005
Series:Siri kompilasi kisah satira
Subjects:

MARC

LEADER 00000cam a2200000 7i4500
001 0000000408
005 20151222.0
008 070702
020 |a 9833241115 
090 0 0 |a JF   |b MAL (180) 
100 0 |a Fauziah A.R 
245 1 0 |a Jadi orang utan   |c Fauziah A.R 
260 |a Selangor :   |b Penerbitan PCT ,   |c 2005 
440 0 |a Siri kompilasi kisah satira 
500 |a Children ages 7-9 years old (orange) 
650 0 |a Malay fiction 
999 |a 0000919521   |b Book   |c Children Collection   |e Cawangan Bukit Gambir 
999 |a 0000919522   |b Book   |c Children Collection   |e Cawangan Bukit Gambir 
999 |a 0000919523   |b Book   |c Children Collection   |e Cawangan Bukit Gambir 
999 |a 0000927810   |b Book   |c Children Collection   |e Cawangan Tangkak 
999 |a 0000927811   |b Book   |c Children Collection   |e Cawangan Tangkak 
999 |a 0000927812   |b Book   |c Children Collection   |e Cawangan Tangkak 
999 |a 0000955039   |b Book   |c Children Collection   |e Cawangan Bandar Tenggara 
999 |a 0000955040   |b Book   |c Children Collection   |e Perbadanan Perpustakaan Awam Johor 
999 |a 0000955041   |b Book   |c Children Collection   |e Perbadanan Perpustakaan Awam Johor 
999 |a 0000955042   |b Book   |c Children Collection   |e Cawangan Muar